Les trophées des music shows de Stray Kids - Statistiques

Statistiques générales
  • Ce quiz a été pris 103 fois
    33 depuis la dernière actualisation
  • Le résultat moyen est 11 sur 13
Statistiques - réponses
Nombres de trophées Title tracks % Correct
6 Ceremony
100%
2 Do It
100%
3 Lalalala
94%
2 Back Door
88%
6 Case 143
88%
6 Chk Chk Boom
88%
2 Maniac
88%
6 Thunderous
88%
1 Miroh
82%
6 S-Class
82%
3 Walkin On Water
65%
1 Levanter
53%
1 Christmas Evel
41%
Aucun quiz correspondant
Distribution des résultats
% des personnes avec chaque résultat
Percentile par nombre de réponses
Votre historique - résultats
Vous n’avez pas pris ce quiz depuis la dernière actualisation